000 01228nam a22002177a 4500
003 OSt
005 20250821123611.0
008 250821t |||||||| |||| 00| 0 spa d
020 _a9789587572681
037 _bDonación
040 _aCO-JMCR
_bspa
_cCO-JMCR
_dCO-JMCR
_erda
041 0 _aspa
082 0 4 _a070.44
_bE51c
_223
110 2 _aEl Tiempo.
_92528
245 1 0 _aCrónicas /
_cEl Tiempo.
264 _aBogotá :
_bIntermedio,
_bEl Tiempo Casa Editorial,
_bIntermedio Editores S.A.S.
_c2013.
300 _a256 páginas ;
_c24 cm.
520 _aEl propósito de esta antología es recoger algunos de los mejores textos publicados en el periódico EL TIEMPO durante el año 2013. Esta vez son crónicas y perfiles, relatos que por su calidad merecieron ser publicados, pero que también merecen ahora ser recordados, releídos: perdurar más allá del día, gracias otra vez al papel, a las palabras que quedan en un papel. La idea es que quienes los leyeron en su momento renueven el placer de haberlo hecho, y quienes no lo hicieron puedan asomarse a muchas historias memorables que dan fe de lo que pasó en el mundo y en Colombia en estos meses.
650 2 4 _aCrónicas colombianas
_2JMCR
_92253
942 _2ddc
_cBK
999 _c31072
_d17456